书目信息 |
| 题名: |
加拿大阿萨巴斯卡大学研究
|
|
| 作者: | 杨永博 编著 | |
| 分册: | ||
| 出版信息: | 北京 中央广播电视大学出版社 2017 |
|
| 页数: | 165页 | |
| 开本: | 24cm | |
| 丛书名: | 世界开放大学案例研究丛书 | |
| 单 册: | ||
| 中图分类: | G649.711 | |
| 科图分类: | ||
| 主题词: | 高等学校--研究--加拿大 | |
| 电子资源: | ||
| ISBN: | 978-7-304-08830-9 | |
| 000 | 01010nam0 2200265 450 | |
| 001 | 0104453022 | |
| 005 | 20180523143120.0 | |
| 010 | @a978-7-304-08830-9@dCNY27.00 | |
| 100 | @a20180323d2017 em y0chiy0120 ea | |
| 101 | 0 | @achi |
| 102 | @aCN@b110000 | |
| 105 | @aa z 000yy | |
| 106 | @ar | |
| 200 | 1 | @a加拿大阿萨巴斯卡大学研究@9Jia Na Da;Dai A;E Sa Ba Si Ka;Qia Da;Dai Xue Yan Jiu @f杨永博等编著@b专著@dA study on Athabasca university@zeng |
| 210 | @a北京@c中央广播电视大学出版社@d2017 | |
| 215 | @a165页@c彩照@d24cm | |
| 225 | 1 | @a世界开放大学案例研究丛书@f杨志坚主编 |
| 304 | @a编著者还有:李锋亮、谢珂、陈娜 | |
| 330 | @a本书共分八章,内容包括:加拿大的教育体系与阿萨巴斯卡大学概况、组织管理和质量保证、课程设计与开发、教学模式与教学改革、学习支持服务与学生管理等。 | |
| 510 | 1 | @aStudy on Athabasca university@zeng |
| 606 | 0 | @a高等学校@x研究@y加拿大 |
| 690 | @aG649.711@v5 | |
| 701 | 0 | @a杨永博@4编著@9yang yong bo |
| 801 | 0 | @aCN@bAZmarc@c20230905 |
| 905 | @aBZT@dG649@e24@f2@sG649/24 | |
| 加拿大阿萨巴斯卡大学研究/杨永博等编著=A study on Athabasca university.-北京:中央广播电视大学出版社,2017 |
| 165页:彩照;24cm.-(世界开放大学案例研究丛书/杨志坚主编) |
| ISBN 978-7-304-08830-9:CNY27.00 |
| 本书共分八章,内容包括:加拿大的教育体系与阿萨巴斯卡大学概况、组织管理和质量保证、课程设计与开发、教学模式与教学改革、学习支持服务与学生管理等。 |
| ● |
| 相关链接 |
|
|
|
正题名:加拿大阿萨巴斯卡大学研究
索取号:G649/24
 
预约/预借
| 序号 | 登录号 | 条形码 | 馆藏地/架位号 | 状态 | 备注 |
| 1 | 2000003656 | 2000003656 | 旧书回溯/ [索取号:G649/24] | 在馆 | |
| 2 | 2000003657 | 2000003657 | 旧书回溯/ [索取号:G649/24] | 在馆 |